000 00573nam a22001937a 4500
005 20251108165956.0
008 250721s9999 xx 000 0 ara d
082 1 4 _aط/ق/بير
100 1 _aبيرجسترم، جونيلا
245 1 0 _aإحذر المنشار يا برهان /
264 1 _aقبرص :
_bدار المنى،
_c[19-].
300 _a13ص : مص
650 1 7 _aالقصص العربية
650 1 7 _aالأدب العربي
650 1 7 _aأدب الأطفال
700 1 _aزريقات، منى
_eترجمة
942 _2ddc
_cBK
999 _c36354
_d36354